Flags of Administrative Units #2 - Statistics

General Stats
  • This quiz has been taken 689 times
    683 since last reset
  • The average score is 5 of 12
Answer Stats
Hint Answer % Correct
HTML tutorial Wales
97%
HTML tutorial Greenland
87%
HTML tutorial Florida
60%
HTML tutorial Quebec
60%
HTML tutorial Yucatan
57%
HTML tutorial Sardinia
51%
HTML tutorial Brittany
43%
HTML tutorial Bavaria
29%
HTML tutorial Rio de Janeiro
25%
HTML tutorial Tasmania
25%
HTML tutorial Tyrol
11%
HTML tutorial Biscay
6%
No matching quizzes found
Score Distribution
Percent of People with Each Score
Percentile by Number Answered
Your Score History
You have not taken this quiz since the last reset